000 01822nam a2200397Ia 4500
001 dia_4939
003 CHAP
005 20250729114342.0
007 ta
008 220117s2011 mx abdof 001 0 spa d
040 _cCHAP
_amxchpua
090 _aT.C.549
_bG66 SAI
_c2011
245 1 3 _aLa citricultura en el estado de Yucatán /
_ccoordinadores Adalberto Gómez Cruz y Olivia Araceli Cortés Castillo ; colaboración Guadalupe Stefanny Aguilar Moreno...[y otros]
260 _aMéxico :
_bEl Autor,
_c2011
300 _a97 hojas :
_bilustraciones, tablas, gráficas, mapas, fotos
336 _2rdacontent
_atexto
_btxt
337 _2rdamedia
_ano mediado
_bn
338 _2rdacarrier
_avolumen
_bnc
500 _aGrado: 6° año Grupo: 05
502 _aViaje de estudios
_b(SAI) --
_cUACh. Departamento de Ingeniería Agroindustrial,
_d2011
505 0 0 _tEmpresas visitadas: -- 1.Empacadora de limón Hermanos Sánchez -- 2.Agroindustria Unión de Ejidos Citricultores del Sur del estado de Yucatán -- 3.F. B. Dellí, S. A. de C. V. -- 4.CESVY -- 5.Secretaría de Fomento Agropecuario y Pesquero -- 6.FIRA
650 1 3 _aCítricos
_924392
650 1 0 _aIndustria de productos agrícolas
_zMéxico
_zYucatán
_9157103
650 1 3 _aCitrus fruits
_9152026
650 1 3 _aHorticultural products industry
_9157102
_zMexico
_zYucatán
700 1 _aCortés Castillo, Olivia Araceli
_9157304
_ecoordinadora
700 1 _aGómez Cruz, Adalberto
_9147645
_ecoordinador
700 1 _aAguilar Moreno, Guadalupe Stefanny
_9163503
_ecolaboradora
856 4 2 _uhttp://10.13.5.2/ve/TC549SAI/TC549SAI2011-REPORTE.pdf
_yDESCARGAR REPORTE
901 _aT.C.549 G66 SAI 2011
902 _aM
905 _a5332272011 mx amnl8223223322spa16
942 _2local
942 _cVE
999 _c175741
_d175741